书目信息 |
| 题名: |
看看他们
|
|
| 作者: | 周拥平 编著 | |
| 分册: | ||
| 出版信息: | 北京 中国青年出版社 2004.02 |
|
| 页数: | 427页 | |
| 开本: | 21cm | |
| 丛书名: | 新闻纸书系 | |
| 单 册: | ||
| 中图分类: | D422.7 | |
| 科图分类: | ||
| 主题词: | 乡村人口--xiang cun ren kou--流动人口--家庭问题--社会调查--北京市 | |
| 电子资源: | ||
| ISBN: | 7-5006-5731-5 | |
| 000 | 00988nam 2200277 450 | |
| 001 | CAL 012004035113 | |
| 005 | 20050530095204.7 | |
| 010 | @a7-5006-5731-5@d33.00CNY | |
| 099 | @aCAL 012004035113 | |
| 100 | @a20040223d2004 em y0chiy0120 ea | |
| 101 | 0 | @achi |
| 102 | @aCN@b110000 | |
| 105 | @aab z 000yy | |
| 200 | 1 | @a看看他们@Akan kan ta men@e北京100个外来贫困农民家庭@f周拥平等编著@Fzhou yong ping deng bian zhu |
| 210 | @a北京@c中国青年出版社@d2004.02 | |
| 215 | @a427页@c图 (部分彩图), 地图@d21cm | |
| 225 | 2 | @a新闻纸书系@Axin wen zhi shu xi@v001 |
| 410 | 0 | @12001 @a新闻纸书系@v001 |
| 517 | 1 | @a北京100个外来贫困农民家庭@Abei jing 100 ge wai lai pin kun nong min jia ting |
| 606 | 0 | @a乡村人口@Axiang cun ren kou@x流动人口@x家庭问题@x社会调查@y北京市 |
| 690 | @aD422.7@v4 | |
| 701 | 0 | @a周拥平@Azhou yong ping@4编著@4编著@a周拥平@Azhou yong ping@4编著 |
| 801 | 0 | @aCN@bRUC@c20040408 |
| 905 | @a10447@dD422.7@eZ810 | |
| 906 | @dCNY33.00@n0@r1 | |
| 998 | @aRUC | |
| 看看他们:北京100个外来贫困农民家庭/周拥平等编著.-北京:中国青年出版社,2004.02 |
| 427页:图 (部分彩图), 地图;21cm.-(新闻纸书系;001) |
| ISBN 7-5006-5731-5:33.00CNY |
| ● |
| 相关链接 |
|
|
|
正题名:看看他们
索取号:D422.7/Z810
 
预约/预借
| 序号 | 登录号 | 条形码 | 馆藏地/架位号 | 状态 | 备注 |
| 1 | 536073 | 205360731 | 社科库509/422社科库 42排3列3层/ [索取号:D422.7/Z810] | 在馆 | |
| 2 | 536074 | 205360740 | 社科库509/422社科库 42排3列3层/ [索取号:D422.7/Z810] | 在馆 | |
| 3 | 536075 | 205360759 | 社科库509/422社科库 42排3列3层/ [索取号:D422.7/Z810] | 在馆 | |
| 4 | 542420 | 205424209 | 社科库509/422社科库 42排3列3层/ [索取号:D422.7/Z810] | 在馆 | |
| 5 | 542421 | 205424218 | 社科库509/422社科库 42排3列3层/ [索取号:D422.7/Z810] | 在馆 | |
| 6 | 542422 | 205424227 | 社科库509/509社科库 70排4列6层/ [索取号:D422.7/Z810] | 在馆 |